[Event "NED-ch 1999"]
[Site "Rotterdam "]
[Date "1999.06.08"]
[Round "9"]
[White "Van der Wiel, John"]
[Black "Janssen, Ruud"]
[Result "1-0"]
[WhiteElo "2525"]
[BlackElo "2445"]
[PlyCount "63"]
[EventDate "1999.05.??"]
[Source "ChessBase"]
[SourceDate "1999.10.01"]

1. e4 c6 2. Nf3 d5 3. Nc3 Bg4 4. h3 Bh5 5. exd5 cxd5 6. Bb5+ Nc6 7. g4 Bg6 8.
Ne5 Rc8 9. d4 e6 10. Qe2 Bd6 11. Nxg6 hxg6 12. Nxd5 Bb8 13. Nb4 Qxd4 14. c3 Qd6
15. Be3 Nge7 16. Rd1 Qc7 17. Bc5 Rd8 18. Bxe7 Kxe7 19. Nd5+ Rxd5 20. Rxd5 a6
21. Ba4 b5 22. Bc2 Qf4 23. Rd1 Ba7 24. Qd2 Qf3 25. Qd6+ Ke8 26. Rf1 Rxh3 27.
Qd7+ Kf8 28. Qc8+ Ke7 29. Rd7+ Kf6 30. Rxa7 Nxa7 31. Qd8+ Ke5 32. Qd4# 1-0